000 01439cam a2200361 a 4500
001 6086
003 FISKH
005 20260403111705.0
008 070418s2008 nyuab j b 000 f eng
010 _a 2007014166
020 _a0439680131
020 _a9780439680134
020 _a9780545118798
040 _aDLC
_cDLC
_dIG#
_dBTCTA
_dBAKER
_dUPZ
_dUBY
_dTEF
_dYDXCP
_dEHH
_dDLC
_beng
050 _a PZ7.B2844 B
082 _a 813.54
100 1 _aBartoletti, Susan Campbell
_d(1958-)
245 1 4 _aThe boy who dared /
_cSusan Campbell Bartoletti.
250 _aFirst paperback in 2008
260 _aNew York :
_bScholastic,
_c2008.
300 _a202 pages :
_billustrations ;
_c20 cm.
505 _aR
520 _aIn October, 1942, seventeen-year-old Helmuth Hübener, imprisoned for distributing anti-Nazi leaflets, recalls his past life and how he came to dedicate himself to bring the truth about Hitler and the war to the German people.
521 8 _a760
_bLexile
521 8 _aR
_bRaz-Plus
650 0 _aCourage
_vJuvenile fiction.
650 0 _aAnti-Nazi movement
_vJuvenile fiction.
650 1 _aCourage
_vFiction.
856 4 2 _3Publisher description
_uhttp://www.loc.gov/catdir/enhancements/fy1116/2007014166-d.html
856 4 2 _3Contributor biographical information
_uhttp://www.loc.gov/catdir/enhancements/fy1301/2007014166-b.html
906 _a7
_bcbc
_corignew
_d1
_eecip
_f20
_gy-gencatlg
942 _2ddc
_cBK
_n0
999 _c6086
_d6086